|
|
|
|
| LEADER |
00000cam a2200000 a 4500 |
| 001 |
vtls009804123 |
| 003 |
SK-MaSNL |
| 005 |
20260301171550.0 |
| 008 |
160627s2007 xo fru 000 0 slo |
| 015 |
|
|
|a SNBN2014
|
| 020 |
|
|
|c (cen. skup. 3)
|
| 035 |
|
|
|a (SVKBBclas03)vtls000275443
|
| 040 |
|
|
|a SNK
|b slo
|c SNK
|e AACR2
|
| 041 |
1 |
|
|a slo
|h eng
|
| 044 |
|
|
|a xo
|c SK
|
| 046 |
|
|
|a m
|m 200709 (účin.)
|n 20090901 (zruš.)
|
| 072 |
|
7 |
|a 621.3
|x Elektrotechnika
|2 konspekt
|
| 080 |
|
|
|a 621.31
|2 2001
|
| 080 |
|
|
|a 621.311.1
|2 2001
|
| 080 |
|
|
|a 006.057
|2 2001
|
| 080 |
|
|
|a (437.6)
|2 2001
|
| 080 |
|
|
|a (083.742)
|2 2001
|
| 084 |
|
|
|a 29.130.10
|2 ICS
|
| 130 |
0 |
|
|a STN 38 3716 (STN EN 61330/Z1) [neplatná]
|9 539438
|
| 245 |
1 |
0 |
|a STN EN 61330/Z1: 2007 (38 3716) [neplatná], Blokové transformovne vysokého napätia/nízkeho napätia. Zmena 1
|
| 246 |
1 |
0 |
|a Blokové transformovne vysokého napätia/nízkeho napätia. Zmena 1
|
| 260 |
|
|
|a Bratislava
|b Slovenský ústav technickej normalizácie
|c 2007
|
| 300 |
|
|
|a 2 s.
|c 30 cm
|
| 500 |
|
|
|a Spracovateľ: INFOSERVIS - Gabriela Čatlošová Krompachy, Marcel Čatloš
|
| 500 |
|
|
|a Súbežný názov v angličtine, francúzštine a jemčine
|
| 500 |
|
|
|a Túto normu nahrádza STN 622271-202 zo septembra 2007. Táto norma sa môže súbežne používať s STN EN 62271-202 zo septembra 2007 do 1.9.2009
|
| 540 |
|
|
|a STN vydané na akomkoľvek nosiči sa môžu rozmnožovať a rozširovať iba so súhlasom určenej právnickej osoby
|b SÚTN Bratislava
|c zákon 264/1999 Z.z.
|
| 650 |
0 |
7 |
|a elektrické stanice
|2 SNKPH
|9 3491
|
| 650 |
0 |
7 |
|a technické normy a štandardy
|z Slovensko
|2 SNKPH
|9 79594
|
| 650 |
0 |
7 |
|a technické normy a štandardy
|z krajiny Európskej únie
|2 SNKPH
|9 289341
|
| 650 |
0 |
7 |
|a rozvodné elektrické siete
|2 SNKPH
|9 68205
|
| 650 |
0 |
7 |
|a Electric power station
|2 SNKPHeng
|9 341729
|
| 650 |
0 |
7 |
|a Electric power distribution
|2 SNKPHeng
|9 311842
|
| 655 |
|
7 |
|a normy
|2 SNKPH
|9 70643
|
| 700 |
1 |
|
|a Čatloš, Marcel
|4 trl
|9 291773
|
| 710 |
2 |
|
|a Slovenský ústav technickej normalizácie (Bratislava, Slovensko).
|b Technická komisia č. 82 Elektrické prístroje a rozvádzače
|4 stn
|9 311844
|
| 710 |
2 |
|
|a INFOSERVIS - Gabriela Čatlošová (Krompachy, Slovensko)
|4 trl
|9 311488
|
| 774 |
1 |
8 |
|t STN EN 61330: 2001
|d Bratislava : Slovenský ústav technickej normalizácie, 2001
|w vtls008986617
|
| 774 |
1 |
8 |
|t STN EN 62271-202: 2007
|d Bratislava : Slovenský ústav technickej normalizácie, 2007
|w vtls009802534
|
| 958 |
|
|
|a OP
|
| 999 |
|
|
|c 831178
|d 833108
|
| 952 |
|
|
|a SNK
|b SNK
|y PREZ
|7 0
|p 17A1118691
|o snkSTN EN 61330/Z1
|i snk2014/24119
|8 0
|0 0
|1 0
|4 0
|d 2014-11-05
|l 0
|r 2026-02-24 03:37:55
|w 2026-02-24
|
| 952 |
|
|
|a SNK
|b SNK
|y PREZ
|7 0
|p 17A1118690
|o snkSTN EN 61330/Z1 D1
|i snk2014/24120
|8 0
|0 0
|1 0
|4 0
|d 2014-11-05
|l 0
|r 2026-02-24 03:37:55
|w 2026-02-24
|